Datum a čas kvízu
11
Celkem bodů
Celkový počet nahraných bodů na tomto kvízu bez doplňovacích otázek.
11.
Pořadí na kvízu
Konečné umístění týmu na tomto kvízu.
Zaznamenané odpovědi
| # | Otázka | Odpověď | Body | Výsledky |
|---|---|---|---|---|
| 1. | Ve středu se uskutečnilo letoš... | Jablonec nad Nisou | 0 | |
| 2. | Humanoidní robot Muhammad na v... | osahával ženu | 0 | |
| 3. | Jak se nazývá soutěžní reality... | Peče celá země | 1 | |
| 4. | Automobilka Škoda představila... | Epiq | 0 | |
| 5. | Minulý týden se stala jedna ne... | Jaromír Jágr | 1 | |
| 6. | Téma začneme v Evropě. Seřaďte... | 1D 2C 3A 4B | 0 | |
| 7. | V souvislosti s Che Guevarou s... | v Argentině | 0 | |
| 8. | Které z těchto zvířat nežije p... | C | 1 | |
| 9. | Jak se jmenuje nejlidnatější s... | Indonésie, Jakarta | 0 | |
| 10. | Jak se jmenuje ostrovní stát,... | Tonga | 0 |